00289nam a2200133Ia 45000030006000000080041000060400015000471000026000622450019000882500010001072600009001175460012001260050017001380STCL150530s9999 xx 000 0 und d aSTCLcSTCL aBorn, M.; Dougall, J. aAtomic physics aSixth c1963 aEnglish20220125170222.0